[Event "Pula zt 1.2"]
[Site "Pula"]
[Date "2000.04.21"]
[Round "10"]
[White "Sutovsky, Emil"]
[Black "Psakhis, Lev"]
[Result "1/2-1/2"]
[WhiteElo "2586"]
[BlackElo "2599"]
[Annotator "Psakhis,L"]
[PlyCount "119"]
[EventDate "2000.04.11"]
[EventType "swiss"]
[EventRounds "11"]
[EventCountry "CRO"]
[SourceTitle "CBM 077"]
[Source "ChessBase"]
[SourceDate "2000.07.27"]
[SourceVersion "1"]
[SourceVersionDate "2000.07.27"]
[SourceQuality "1"]

1. e4 e6 {Once I choose 1... c5 against Emil - without big success! - and
decided that French defence will be the best opening against young Israeli
grandmaster.} 2. d4 d5 3. Nc3 Nf6 4. Bg5 dxe4 ({I played} 4... Bb4 {in Israeli
championship 99}) 5. Nxe4 Be7 6. Bxf6 Bxf6 7. Nf3 O-O 8. Bc4 {Fashionable move}
Nc6 $5 9. c3 e5 10. d5 Nb8 11. Qe2 Bf5 12. O-O $146 {Too modest} (12. O-O-O Nd7
13. Ng3 (13. Rhe1 Re8 14. h3 a6 15. g4 Bg6 16. Rg1 b5 17. Bd3 Be7 18. h4 Nc5
19. Nxc5 Bxc5 20. Bxg6 fxg6 21. Ng5 Qf6 {Vinitsky,I-Leschenko,V/Kiev-ch 1998/
0-1 (52)}) 13... Bg6 14. Bd3 {little bit more dangerous for black-} (14. h4 e4
$1 15. Nxe4 Re8 16. Nxf6+ Qxf6 17. Qd2 Nb6 18. Bb3 Qf5 19. Bc2 Qxc2+ 20. Qxc2
Bxc2 21. Kxc2 Rad8 22. Rhe1 Rxe1 23. Rxe1 Kf8 24. a4 Rxd5 $11 {1/2-1/2 Bologan,
V-Gurevich,M/Belfort 1999 (30)}) 14... Bxd3 15. Qxd3 Nc5 16. Qe3 b6 17. h4 Re8
18. Ne4 Nxe4 19. Qxe4 g6 20. g4 Bg7 21. h5 Qf6 22. hxg6 hxg6 23. Nd2 c6 24.
dxc6 Rac8 25. f3 Rxc6 26. Qe2 Qe6 {Leko,P-Khalifman,A/Budapest m 2000//1-0 (53)
}) 12... Bxe4 $1 13. Qxe4 Qd6 $11 {[%cal Gb8d7,Gg7g6,Gf6g7]} 14. Rad1 Nd7 {
Black finished development and got equal game.} 15. Bb5 Nb6 $5 (15... Nc5 {
with possible continuation} 16. Qe3 a6 17. b4 axb5 18. bxc5 Qd7 19. Nxe5 Bxe5
20. Qxe5 Rfe8 {was also not so bad, but move i9n the text is stronger}) 16.
Rfe1 a6 17. Bd3 g6 $11 18. Nxe5 $2 {Emil made this strange move after very
short calculations and , to be honest, even now I don't know what he missed.} (
{Black has nothing to worry about and after} 18. c4 Nd7 {[%cal Ga6a5,Gd7c5]})
18... Rae8 19. f4 Nd7 20. Qb4 $8 ({In the case of} 20. Nxd7 Rxe4 21. Nxf6+ Qxf6
22. Rxe4 Qb6+ $17 {[%cal Rb6g1,Rb6b2] White havn't too many chances for
survival.}) 20... Qxb4 21. cxb4 Nxe5 22. fxe5 Bxe5 $15 {Black's advantage is
obvious now, but I was't too optimistic about winning chances.} 23. Re2 $2 {
Second mistake} ({White could successfully defend position after} 23. b5 $142
a5 24. b3 $15) 23... Bd4+ 24. Kf1 Rxe2 25. Bxe2 Bxb2 26. d6 c6 $1 {Much better
than} (26... cxd6 $143 27. Rxd6 {[%cal Gd6b6,Gd6d7]}) 27. a4 Rd8 28. b5 cxb5 $5
({I wasn't sure that black can win after} 28... axb5 29. axb5 Be5 30. bxc6 bxc6
31. Bf3 c5 32. d7 Bxh2 33. Bc6) 29. axb5 a5 {[%csl Ga5]} 30. Rd2 $8 (30. Bf3 a4
31. Bxb7 a3 32. Bd5 Rxd6 $19) 30... Be5 31. d7 (31. Bf3 Bxh2 (31... Rd7 $2 32.
Bxb7 Rxb7 33. d7 Bf6 34. d8=Q+ Bxd8 35. Rxd8+ Kg7 36. Rd5 Kf6 37. b6 $11) 32.
d7 (32. Bxb7 Rxd6 $19) 32... b6 $19) 31... a4 $5 (31... Bxh2 32. Bf3 (32. b6)
32... b6 33. Bc6) 32. Ra2 (32. g3 a3 33. Bc4 Kf8 $19) 32... Bxh2 33. Rxa4 Rxd7
$19 34. Ra7 Bg3 $1 {This moment I was ABSOLUTELY sure about result of the game,
but....} 35. Ra3 (35. Bf3 Re7 $19) 35... Bc7 (35... Bf4 36. b6 $5) 36. Bf3 b6
$19 37. Ke2 (37. g4 $5) 37... h5 38. Rd3 Rxd3 $4 {[%mdl 8192] I just can't
explain this move} (38... Re7+ 39. Re3 (39. Kf2 h4) 39... Be5 $19 {wins very
easily, but I had 3 minutes left before time control and decided to spent this
time trying to find victory in bishops ending and I " found " it!}) 39. Kxd3
$11 f5 40. Bc6 Kg7 41. Be8 h4 42. Ke2 Kf6 43. Bd7 Ke5 44. Be8 g5 45. Bd7 Bd6
46. Bc8 Bc5 47. Bd7 Kf4 48. Kf1 g4 49. Bc8 h3 (49... Kg5 {was slighly better
but after} 50. Bd7 (50. Ke2 f4 51. Kd3 f3 (51... h3 52. gxh3 g3 53. Bb7 Kh4 54.
Ke2 (54. Bg2 $2 f3 55. Bxf3 Kxh3 $19) 54... Kxh3 55. Kf1 $11) 52. gxf3 g3 53.
Bh3 Kf4 54. Ke2 (54. Bg2 h3) 54... g2 $1 55. Bxg2 Kg3 56. Bf1 h3 $19) 50... f4
51. Bc6 {White keep balance -} (51. Bc8 f3 52. gxf3 gxf3 53. Bd7 Kf4 {[%cal
Gf4g3,Gh4h1]}) 51... h3 (51... Kf5 52. Bd7+) 52. gxh3 gxh3 53. Ke2 $1 Kg4 54.
Bf3+ Kg3 55. Bc6 Kh2 56. Kf1 $11) 50. gxh3 gxh3 51. Bd7 Kf3 52. Be6 h2 53. Bd5+
Ke3 (53... Kg3 54. Ke2) 54. Kg2 Bd6 55. Be6 Ke4 56. Bd7 Bf4 57. Bc8 Ke5 58. Bd7
Kf6 59. Bc6 Kg5 60. Kh3 1/2-1/2

[Event "Rohde op 07th"]
[Site "Sautron"]
[Date "2007.10.28"]
[Round "2"]
[White "Pruess, David"]
[Black "Malakhatko, Vadim"]
[Result "1/2-1/2"]
[WhiteElo "2417"]
[BlackElo "2603"]
[Annotator "RR"]
[PlyCount "54"]
[EventDate "2007.10.27"]
[EventType "swiss"]
[EventRounds "9"]
[EventCountry "FRA"]
[SourceTitle "EXT 2008"]
[Source "ChessBase"]
[SourceDate "2007.11.25"]
[SourceVersion "1"]
[SourceVersionDate "2007.11.25"]
[SourceQuality "1"]

1. e4 e6 2. d4 d5 3. Nc3 Nf6 4. Bg5 dxe4 5. Bxf6 (5. Nxe4 Be7 6. Bxf6 Bxf6 7.
Nf3 $14 {[%cal Gf1d3]}) 5... gxf6 6. Nxe4 f5 {Assez peu joué} (6... Be7 7. Nf3
b6) 7. Ng3 c5 $5 {[%csl Gc8,Gf8] Une idée ancienne déjà jouée par Lasker en
1892!} (7... Bg7 $143 {Peut-être moins précis} 8. c3 $14) 8. Nf3 Nc6 9. dxc5
Qxd1+ 10. Rxd1 Bxc5 $11 11. Bb5 Bd7 12. O-O O-O-O 13. Rd3 a6 $146 ({RR} 13...
Be7 14. Rfd1 a6 15. Bxc6 Bxc6 16. Ne5 Rxd3 17. Rxd3 Be8 18. f4 h5 19. c4 Bc5+
20. Kf1 f6 21. Nf3 h4 22. Ne2 h3 23. g3 Bc6 24. Ned4 Be4 25. Rd2 Re8 26. Nh4
Bb4 27. Rd1 Rd8 28. Ke2 {Weiler,L-Stimpel,F (2255)/Hofheim 1995/GER/0-1 (61)})
14. Bxc6 Bxc6 15. Ne5 {[%csl Ge5]} Rxd3 16. cxd3 Bd4 $1 17. Nxc6 (17. Nxf7 $2
Rg8 {[%csl Gg2][%cal Gh7h5,Gh5h4,Gg8g7]} 18. Re1 Bd5 $40) 17... bxc6 18. b3 $15
{[%csl Gd4]} Rd8 19. Rc1 Be5 20. Rxc6+ Kb7 21. Rc5 Bf6 22. Kf1 Rxd3 23. Ke2 Rd4
24. Nf1 Re4+ 25. Kd3 (25. Ne3 f4 26. Rc4 $1) 25... Rd4+ 26. Ke2 Re4+ 27. Kd3
Rd4+ {Un 1/2 point précieux pour l'américain dans sa course а la norme de GMI}
1/2-1/2

[Event "Madrid"]
[Site "Madrid"]
[Date "1994.??.??"]
[Round "7"]
[White "Polgar, Judit"]
[Black "Bareev, Evgeny"]
[Result "1-0"]
[WhiteElo "2630"]
[BlackElo "2685"]
[Annotator "RR"]
[PlyCount "81"]
[EventDate "1994.05.??"]
[EventType "tourn"]
[EventRounds "9"]
[EventCountry "ESP"]
[EventCategory "15"]
[SourceTitle "CBM 041"]
[Source "ChessBase"]
[SourceDate "1994.08.01"]
[SourceVersion "1"]
[SourceVersionDate "1994.08.01"]
[SourceQuality "1"]

1. e4 e6 2. d4 d5 3. Nc3 Nf6 4. Bg5 dxe4 5. Nxe4 Be7 6. Bxf6 Bxf6 7. Nf3 O-O 8.
Qd3 (8. Qd2 Nd7 9. O-O-O b6 10. Bd3 Bb7 11. Qf4 (11. h4 Be7 12. Rh3 {N} (12.
Qf4) 12... Nf6 13. Nxf6+ Bxf6 14. Ng5 h6 15. f4 c5 16. Qe2 cxd4 17. Bh7+ Kh8
18. Be4 Bxe4 19. Qxe4 g6 20. Nf3 h5 21. Ne5 Qe7 22. Rxd4 Rad8 $10 {Chandler,
M-Dolmatov,S/Hastings/1990/0.5/}) 11... Be7 12. h4 Nf6 13. Neg5 Bxf3 (13... Qd6
$6 14. Ne5 Rad8 15. Rh3 c5 (15... g6 $5) 16. dxc5 $1 {N} (16. Rg3 Qxd4 $1)
16... Qxc5 17. Nexf7 $1 Rxd3 (17... Rxf7 18. Bxh7+ $18) (17... Rd4 18. Bxh7+
$18) 18. Rhxd3 Bd5 (18... Rxf7 19. Qb8+ Qc8 (19... Bc8 20. Rc3) 20. Rd8+ $18)
19. Rxd5 Nxd5 20. Qe4 $18 {Zelic,Ml-Kalanj/Sibenik /1990/}) 14. Nxf3 Qd6 15.
Ne5 c5 16. dxc5 Qxc5 17. Rhe1 Rac8 {N} (17... Rad8) 18. Kb1 Rfd8 19. g4 Bd6 20.
g5 Bxe5 21. Qxe5 Qxe5 {1/2-1/2 Nunn,J-Gurevich,M/Belgrade/1991/}) 8... Nd7 (
8... Nc6 $6 9. O-O-O Be7 {/\ Nb4, Qd5} 10. a3 $1 Qd5 11. Nc3 Qa5 12. Qe3 Rd8
13. Bd3 g6 14. Be4 {/\ Bc6, Ne5} Bd7 15. h4 h5 16. Nd2 (16. d5 $5) 16... Qb6
17. Nb3 (17. Nc4 Qa6 {/\ b5}) 17... Na5 18. Nxa5 Qxa5 19. f3 $6 (19. g4 $1 $36)
19... c5 $1 20. d5 Bf6 $10 21. dxe6 Bxe6 22. Nd5 Bd4 23. Qg5 Bxd5 24. Bxd5 Kg7
25. Rhe1 $2 Bf6 26. Qf4 $4 Rxd5 {0-1/Speelman,J-Nogueiras,J/WchT-Luzern /1989/}
) 9. O-O-O b6 10. h4 Bb7 11. Neg5 (11. Nfg5 $6 Bxg5+ 12. Nxg5 Nf6 13. Be2 Qd6
14. Bf3 Bxf3 15. Qxf3 Qd5 $10 {Van der Wiel,J-Vaganian,R/WchT-Luzern /1989/})
11... g6 (11... Bxg5+ 12. hxg5 $1) 12. Qe3 h6 13. Ne4 Bg7 14. Bd3 c5 15. c3 Qe7
16. h5 g5 17. dxc5 Nxc5 18. Nxc5 Qxc5 19. Qxc5 bxc5 20. Rhe1 $10 g4 21. Ne5
Bxg2 22. Nxg4 Bd5 23. a3 Rfd8 24. Ne5 Kf8 25. Kc2 Rac8 26. Ba6 Rb8 27. c4 Bg2
28. f4 Rxd1 (28... Ke7) 29. Rxd1 Bxe5 (29... Be4+ 30. Kc3 Bxe5+ 31. fxe5 Ke7
32. Bb5 Rd8 $10) 30. fxe5 Bc6 31. b3 Ke7 32. Kc3 Rd8 33. Re1 Rd4 $2 34. Bb5 Bf3
35. Re3 Bxh5 36. b4 Bg6 37. bxc5 Rd1 38. Ba4 Rc1+ 39. Kb4 a5+ 40. Kxa5 Kd8 (
40... Rxc4 41. Kb5 $18 Rc1 42. c6 Kd8 43. Kb6 Rb1+ 44. Rb3 Rc1 45. Kb7 Be4 46.
Rb6 h5 47. Kb8 h4 48. c7+ Rxc7 49. Rd6+ Ke7 50. Kxc7 $18) 41. Kb6 1-0

[Event "Pamplona 0102"]
[Site "Pamplona"]
[Date "2001.12.30"]
[Round "4"]
[White "Fressinet, Laurent"]
[Black "Radjabov, Teimour"]
[Result "0-1"]
[WhiteElo "2588"]
[BlackElo "2567"]
[Annotator "Radjabov,T"]
[PlyCount "112"]
[EventDate "2001.12.27"]
[EventType "tourn"]
[EventRounds "9"]
[EventCountry "ESP"]
[EventCategory "14"]
[SourceTitle "CBM 087"]
[Source "ChessBase"]
[SourceDate "2002.03.21"]
[SourceVersion "1"]
[SourceVersionDate "2002.03.21"]
[SourceQuality "1"]

1. e4 {Finkel,A} e6 2. d4 d5 3. Nc3 Nf6 4. Bg5 dxe4 5. Nxe4 Be7 6. Bxf6 Bxf6 7.
Nf3 Nd7 8. Qd2 O-O 9. O-O-O Be7 {'!?' Finkel,A. Finkel,A: 'Keeping the bishop
on the board is very logical decision, however in such kind of positions every
tempo is extremly precious, so this move is quiet risky one.'} 10. Bc4 (10. Qf4
$5 {Finkel,A} Nf6 11. Nxf6+ Bxf6 12. Bd3 c5 $2 13. dxc5 Qa5 14. Qc4 e5 15. Be4
$1 $16 {Galkin,A-Pushkov,N/Azov 1995/1/2-1/2 (69)}) (10. Kb1 {Finkel,A} b6 (
10... c5 {Finkel,A} 11. dxc5 Qc7 12. Bd3 Nxc5 13. Nxc5 Qxc5 14. Rhe1 Bf6 $132 {
Meulner,K-Eckstein,B/Germany 1997/EXT 99}) 11. Bc4 Nf6 12. Nxf6+ Bxf6 13. Rhe1
(13. Qe3 {Finkel,A} Bb7 14. Rhe1 Qe7 15. g4 Rad8 16. Ne5 c5 $11 17. dxc5 Rxd1+
18. Rxd1 Rd8 19. Rxd8+ {1/2-1/2 Stefansson-Bareev/32nd Chess Olympiad, Yerevan
1996}) 13... Bb7 14. Qf4 Bxf3 {1/2-1/2 Morovic Fernandez,I-Dizdar,G/New York
op 1997}) (10. Bd3 {Finkel,A} b6 11. Kb1 (11. h4 $6 {Finkel,A} Bb7 12. Neg5 h6
13. Rh3 c5 14. Kb1 cxd4 15. Qf4 Qb8 $1 $15 {Riegler,P-Dizdar,G/Bled 1994/TD})
11... Bb7 12. c3 Nf6 13. Nxf6+ Bxf6 14. h4 Qe7 15. Ng5 h6 16. Bh7+ Kh8 17. Bc2
g6 18. Nh3 Bg7 19. h5 $1 $36 {Lanc,A-Dizdarevic,E/Luxembourg 1993/EXT 97})
10... c5 (10... Nf6 {Finkel,A} 11. Nxf6+ (11. Rhe1 {Finkel,A} Nd5 $6 12. Ne5 f5
13. Bxd5 $1 exd5 (13... Qxd5 {Finkel,A} 14. c4 $1 Qd8 15. Nc3 $14) 14. Nc5 Bg5
(14... Bxc5 $6 {Finkel,A} 15. dxc5 c6 16. c4 $16) 15. f4 Bf6 16. h3 Qd6 (16...
b6 {Finkel,A} 17. Ncd3 Bb7 18. g4 $14) 17. Ncd3 $14 {Shirov,A-Bareev,E/New
Delhi/Theran 2000/CBM 80}) 11... Bxf6 12. Rhe1 Rb8 13. Ne5 b5 14. Bd3 Rb6 $5 (
14... Bb7 $5 {Finkel,A} 15. f4 b4 16. g4 $14 {[%cal Gg4g5]}) 15. Qe3 $14 {
Yermolinsky,A-Bareev,E/Luzern 1997/CBM 62}) (10... a6 $5 {Finkel,A} 11. Bb3 c6
12. Qf4 b5 13. h4 (13. Ne5 $5 {Finkel,A}) 13... Ra7 14. Neg5 Nf6 15. c3 Qc7 $1
$13 {Khalifman,A-Bareev,E/Beograd 1993}) (10... b6 {Finkel,A} 11. d5 $1) 11.
Rhe1 {'!?' Finkel,A. Finkel,A: 'This natural move centralizing the rook
shouldn't be bad, but white has quiet a few other tempting options: '} (11.
dxc5 {Finkel,A} Qc7 12. Rhe1 Nxc5 13. Nxc5 Qxc5 14. Bd3 Bf6 15. Qe2 g6 16. h4
Rd8 17. Bb5 Bxb2+ 18. Kxb2 {1/2-1/2 Almasi,Z-Dizdar,G/Makarska Tucepi 1995/EXT
97 (18)}) (11. d5 $5 {Finkel,A} exd5 (11... Nb6 $2 {Finkel,A} 12. dxe6 Nxc4 13.
exf7+ Kh8 14. Qc3 $16) 12. Bxd5 Nf6 13. Nxf6+ Bxf6 14. Rhe1 Qb6 15. Ne5 Be6 $1
16. Nc4 Qa6 17. Qa5 $14) 11... cxd4 12. Nxd4 (12. Qxd4 {Finkel,A} Nb6 13. Bb3
Qxd4 14. Nxd4 Bd7 {hardly promises anything to white.}) 12... Nb6 13. Bb3 Bd7
14. Qf4 {'!?' Finkel,A. Finkel,A: 'Keeping in mind continuation which actually
occured in the game.'} a5 (14... Qb8 $5 {Finkel,A} 15. Qf3 a5 16. a3 $14 {
is quiet unclear either, but white seems to hold the initiative.}) 15. Qg3 $6 {
Finkel,A: 'Inviting black to play a4! Another possibility was to play'} (15. a3
$13) 15... a4 $1 {Finkel,A: 'Accepting the challenge.'} 16. Bxe6 fxe6 17. Nxe6
Bxe6 {'[]' Finkel,A.} 18. Rxd8 Bxd8 {'[]' Finkel,A.} (18... Raxd8 $2 {Finkel,A}
19. Qe5 $18 {[%csl Re6,Re7]}) 19. Nd6 Bd5 (19... Bxa2 $5 20. b3 axb3 (20... h6
$5 21. Re4 (21. Nxb7 Bg5+ 22. Kb2 axb3 23. cxb3 Rfc8 $19 (23... Bf6+ $19))
21... Bf6 22. Rb4 Ra6 $17) 21. cxb3 h6 22. Nxb7 (22. Re5 Bf6 23. Rb5 Ra6 $13)
22... Bg5+ 23. Kd1 Ra3 $19) ({Very serious attention deserved} 19... Bxa2 $5 {
(Finkel,A) taking very important pawn on a2}) 20. Re8 Rxe8 {Finkel,A: 'Black
should try to keep more pieces on the board, but after'} (20... Bf6 21. Rxa8
Rxa8 22. Qe3 $5 $14 a3 (22... Nc4 $1 23. Qc5 $6 (23. Qd3 $1 $16 Nb6 24. Qb5)
23... Be6 24. Nxc4 Rc8 25. Qb5 Bxc4 26. Qxb7 Bg5+ 27. Kb1 Rd8 $15) (22... Nd7 {
Finkel,A} 23. c4 Bf7 24. Nxf7 Kxf7 25. Qe4 $14) 23. b3 Nd7 24. c4 $14) (20...
Bc7 $5 21. Rxa8 (21. Re7 Rf7 $1 $17) 21... Rxa8 22. Qe5 h6 $15) 21. Nxe8 Bg5+
22. Qxg5 Rxe8 {'<=>' Finkel,A. Finkel,A: 'At first hand look it seems that
white is the one who stands better, but 14-years old GM shows great endgame
skills and slowly outplays his expirienced (20 yers old) opponent!'} 23. b3 Bc6
$5 {idea Nd5 , control of the center} 24. Kb2 Nd5 25. Qd2 {'!?' Finkel,A.
Finkel,A: 'Covering second rank.'} (25. c4 $2 {Finkel,A} Re2+ 26. Ka3 Nc3 $15 {
[%csl Ra2]}) 25... Nf6 26. f3 Nd5 {xe3 Idea Ra8-a3} 27. h4 (27. c4 $5 {Finkel,A
} Ne3 28. Kc3 $14) 27... Ra8 {'!?' Finkel,A. idea a3} 28. c4 Nf6 {'!?' Finkel,
A.} ({Black could also play} 28... axb3 {Finkel,A} 29. axb3 Nf6 {with equal
position, but he decides to keep the a-pawn in order to play for a win.}) 29.
b4 a3+ $1 30. Kc3 $2 (30. Kb1 $1 b5 (30... Bd7 $5 31. g4 Be6 32. Qd3 b6 $17)
31. Qd6 Bd7 32. c5 Re8 33. c6 Be6 $15) (30. Kb3 $6 {[%cal Gb4b5] Finkel,A} b5
$8 31. cxb5 Bd5+ 32. Kc3 Bf7 $1 {[%csl Ra2,Rc3][%cal Ga8c8]} 33. Qd6 Bxa2 34.
b6 Bd5 $19) 30... Rc8 $1 31. Qc1 (31. Kb3 b5 $1 32. cxb5 (32. c5 Bd5+ 33. Kc3
Bc4 $5 {idea Nd5 and Re8} (33... Bf7 $17)) (32. Kxa3 bxc4 33. Qc2 Bd5 34. Qf5
Re8 35. b5 Be6 $17) (32. Qd6 bxc4+ $19) 32... Bd5+ 33. Kxa3 (33. Ka4 Ra8#)
33... Ra8+ 34. Kb2 Rxa2+ $19) (31. Qd6 Bd5 32. c5 Bxa2 $19) 31... Bd5 32. Qxa3
{'?!' Finkel,A.} (32. c5 {Finkel,A} Ra8 33. Qd2 $13) 32... Bxc4 {'-/+' Finkel,
A. Finkel,A: 'It turns out that white can't defend the pawn on a2!'} 33. Kd2
Rd8+ 34. Ke1 Re8+ 35. Kf2 Re2+ 36. Kg1 Rxa2 $19 37. Qe3 b5 $1 {Finkel,A: 'Now
it's just a matter of technique, even though white puts up sever resistanse'
xb4 xc4} 38. g4 Re2 39. Qc5 Kf7 40. Qf5 g6 41. Qf4 Ke6 $1 {idea h5 xg4 x h4}
42. Qc7 $2 (42. h5 $8 gxh5 (42... Re5 $5 $17 {idea Bd3 x h5 xg6}) (42... Bd5 $5
{xf3  idea Re5!} 43. h6 Nd7 44. g5 Re5 (44... Ke7 $5 45. Kf1 Re5 {idea Rf5-xf3}
46. Kg1 Ke8 47. Qg3 Re2 48. Qg4 Bc6 {idea Ne5} 49. Qd4 Bxf3 50. Qd3 Ne5 $17)
45. Kh2 Ke7 46. Kg3 Rf5 47. Qe3+ Kd6 48. f4 Rf7 $17) 43. Qf5+ Ke7 44. g5 Nd5
45. Qxh7+ Kd6 $17 (45... Ke6 $5 46. Qxh5 $15) 46. g6 Nf6 (46... Re5 47. g7 Ne7
$15) 47. Qa7 (47. Qh6 Ke6 48. Qg5 Re5 $19) 47... Ke5 $19) 42... h5 $1 $19 43.
Qd8 Kf7 (43... hxg4 44. fxg4 Kf7 $19) 44. g5 Nd5 {Finkel,A: 'Now black's plan
is to attack the pawn on h4. He needs to transfer the knight to f5 and with
the help of rook to escape the perpetual check..'} 45. Qh8 (45. Qd7+ {Finkel,A}
Re7 46. Qd6 Re6 47. Qd7+ Ne7 48. Kf2 Re5 $19) 45... Ne7 46. Qh7+ Ke6 47. Qg7
Kd5 {'!' Finkel,A.} 48. Qf6 Re6 49. Qg7 Nf5 50. Qa7 Ke5 $1 (50... Nxh4 $4 51.
Qc5#) 51. Kf2 Rd6 {'!' Finkel,A.} (51... Nxh4 $2 {Finkel,A} 52. Qc7+ Kd4 (52...
Rd6 {Finkel,A} 53. Qe7+ Re6 54. Qc7+ $15) 53. Qf4+ Kc3 54. Qxh4 Kxb4 55. Qd4
$15) 52. Qa1+ Ke6 53. Qh8 Kf7 54. Qe5 Re6 55. Qc7+ Re7 56. Qb6 Kg7 $1 {Idea
King on h7 and taking pawns f3-h4  0-1 White Resigned} 0-1

[Event "Moscow Aeroflot op-A"]
[Site "Moscow"]
[Date "2007.02.21"]
[Round "8"]
[White "Sadvakasov, Darmen"]
[Black "Luther, Thomas"]
[Result "1-0"]
[WhiteElo "2615"]
[BlackElo "2580"]
[Annotator "Reeh,O"]
[PlyCount "105"]
[EventDate "2007.02.14"]
[EventType "swiss"]
[EventRounds "9"]
[EventCountry "RUS"]
[SourceTitle "CBM 117"]
[Source "ChessBase"]
[SourceDate "2007.03.30"]
[SourceVersion "1"]
[SourceVersionDate "2007.03.30"]
[SourceQuality "1"]

1. e4 e6 2. d4 d5 3. Nc3 Nf6 4. Bg5 dxe4 5. Nxe4 Be7 6. Bxf6 gxf6 7. Nf3 f5 8.
Nc3 a6 9. Qe2 b5 10. O-O-O b4 11. Na4 Bb7 12. Nc5 Bd5 13. Rg1 h5 14. h3 c6 15.
g4 hxg4 16. hxg4 Qa5 17. gxf5 Qxa2 18. Nd3 Nd7 19. Nfe5 Nxe5 20. Qxe5 O-O-O 21.
fxe6 Bd6 22. Qe3 fxe6 23. Bg2 Rh7 24. Bxd5 exd5 25. Rde1 b3 26. cxb3 Rb7 27.
Qe6+ Kb8 28. Rg8 Rxg8 29. Qxg8+ Ka7 30. Re8 Qxb3 31. Ra8+ Kb6 32. Qd8+ Bc7 {
Now White seems to have problems, but... Nun scheint Weiß Probleme zu haben,
aber...} {[%tqu "En","White's queen is attacked, and also his knight is
hanging. How to continue?","Of course White had something in mind when giving
the queen check on d8...","Try to employ a knight fork!","a8a6","Nice!  This
is the most effective way... to draw the game!",15,"De","Die weiße Dame von
Weiß ist angegriffen, und auch sein Springer hängt. Wie soll es weitergehen?",
"Natürlich führte Weiß etwas im Schilde, als er das Damenschach auf d8 gab...",
"Versuchen Sie, eine Springergabel anzubringen!","a8a6","Schön!  Dies ist die
effektivste Methode... die Partie zu remisieren!",15]} 33. Rxa6+ $1 {Dragging
the black king into the open - and setting a nice trap... Zerrt den schwarzen
König ins Freie... und stellt eine schöne Falle...} Kxa6 (33... Kb5 34. Qa8 {
and now Black should force the draw with , und nun sollte Schwarz am besten mit
} Qc4+ 35. Kd2 Rb8 36. Qa7 Bb6 $1) 34. Qa8+ {[%tqu "En","How would you react
to White's queen check?","Black has to options: one loses, the other draws.",
"Beware of knight forks!","a6b6","This loses, since White can make use of a
knight fork.",0,"b7a7","Good!  This cool-blooded defence leads to a draw.",15,
"De","Wie würden Sie auf das weiße Damenschach reagieren?","Schwarz hat zwei
Optionen: Die eine verliert, die andere macht Remis.","Beware of knight
forks!","a6b6","Dies verliert, da Weiß eine Springergabel anbringen kann.",0,
"b7a7","Gut!  Diese kaltblütige Verteidigung sichert das Remis.",15]} Kb6 $4 (
34... Ra7 $1 {would have led to a draw: hätte zum Remis geführt:} 35. Qxc6+ (
35. Nc5+ Kb5 {(now both queens are attacked!) (nun sind beide Damen
angegriffen!)} 36. Qxa7 Bf4+ 37. Kb1 Qd1+ 38. Ka2 Qxd4 {, and now White has to
resort to yet another knight fork, this time in order to save himself: und nun
muss Weiß wieder eine Springergabel zur Anwendung bringen, diesmal, um sich zu
retten:} 39. Qa5+ $1 Kxa5 (39... Kc4 $4 40. b3#) 40. Nb3+ Kb4 41. Nxd4) 35...
Ka5 36. Qc5+ Ka6 37. Qc6+ {with a perpetual. mit Dauerschach.} (37. Nb4+ Kb7
38. Qc6+ Kb8 39. Qe8+ Kb7 40. Qc6+)) {[%tqu "En","Show why Black's last move
was wrong!","White can regain his material with interest!","","a8b7","Of
course!  This wins back the rook, and White remains a pawn up in the endgame!",
10,"De","Zeigen Sie, weshalb der letzte schwarze Zug verfehlt war!","Weiß kann
sein Material mit Zinsen zurückgewinnen!","","a8b7","Na klar!  Dies gewinnt
den Turm zurück, und Weiß verbleibt im Endspiel mit einem Mehrbauern.",10]} 35.
Qxb7+ $1 {Luring the black king to b7, after which the knight to triumphantly
jumps to c5! Lockt den schwarzen König nach b7, wonach der Springer
triumphierend c5 besetzt!} Kxb7 36. Nc5+ Kb6 37. Nxb3 {with a white plus pawn
in the endgame. mit weißem Mehrbauern im Endspiel.} Kb5 38. Nc5 Bh2 39. Ne6 Kc4
40. Kc2 Bd6 41. f3 Be7 42. f4 Bf6 43. f5 Bh8 44. Kd2 Bf6 45. Ke3 Be7 46. Kf4
Bd6+ 47. Kg5 Kb3 48. f6 Kxb2 49. Kg6 Kc3 50. Kf7 Kc4 51. Ke8 Kb5 52. f7 Ba3 {
[%tqu "En","","","","e6c5","",10]} 53. Nc5 $1 {And again this move! Und wieder
dieser Zug!} 1-0